000 00356nam a22001337a 4500
020 _a0070601623
082 _222
_a621.381521
100 _aJaeger, R. C. and Blalock, T. N.
245 _aMicroelectronic circuits design /
250 _a2nd.
260 _aNew Delhi,
_bThe McGraw Hill,
_cc2006.
300 _axx, 493 p. ;
_bill. ;
_c24 cm.
942 _2ddc
_cEE
999 _c1958
_d1958